Etnocentrizmus spotrebiteľov pri nákupe ovocia a zeleniny bakalárska práca

Salvato in:
Dettagli Bibliografici
Autore principale: Budzák, Marek
Ente Autore: Podnikovohospodárska fakulta EU so sídlom v Košiciach. Katedra marketingu a obchodu
Altri autori: Gajdoš, Jozef, 1962-2025
Natura: Libro
Lingua:slovacco
Pubblicazione: Košice 2014
Tags: Aggiungi Tag
Nessun Tag, puoi essere il primo ad aggiungerne!!

MARC

LEADER 00000nbm a2200000 4500
001 0189077
005 20170201084907.3
041 0 |a slo 
044 |a SK 
245 1 0 |a Etnocentrizmus spotrebiteľov pri nákupe ovocia a zeleniny  |b bakalárska práca  |c Marek Budzák ; školiteľ: Jozef Gajdoš 
264 1 |a Košice  |c 2014 
300 |a 43 s. 
100 1 |a Budzák, Marek 
700 1 |a Gajdoš, Jozef, 1962-2025 
710 2 |a Podnikovohospodárska fakulta EU so sídlom v Košiciach. Katedra marketingu a obchodu